| 000 | 00866nas a2200229 4500 | ||
|---|---|---|---|
| 001 | BR8801066 | ||
| 003 | BR-BrBNA | ||
| 005 | 20231205091040.0 | ||
| 007 | ta | ||
| 008 | 230509b bl.|||p| |||| 00| 00por d | ||
| 040 |
_aBR-BrBNA _bpor _cBiblioteca Nacional de Agricultura |
||
| 041 | _a(Pt) | ||
| 072 | _aH20 | ||
| 100 | 1 | _aBecker, W.F. | |
| 245 | 1 | _aOcorrencia de cabeca negra (Embellisia allii (Campanile)Simmons)(Sin. Helminthosporium allii Campanile)em bulbos de alho (Allium sativum L.) | |
| 246 | 1 | _aThe occurrence of (Embellisia allii (Campanile)Simmons (Sin. Helminthosporium allii Campanile)in garlic bulbs (Allium sativum L.) | |
| 650 | _aALHO | ||
| 650 | _aFUNGO | ||
| 773 | 0 |
_tSumma Phytopathologica (Brazil) _xISSN 0100-5405 _g(Jul-Dec 1987), v. 13(3-4) p. 249-255 _wBR8801066 |
|
| 909 |
_a202311 _bLúcia _c55 _dLúcia Elande |
||
| 942 |
_2AGRIS _n0 _cANA |
||
| 999 |
_c122409 _d122409 |
||